History Quiz

Random History or Nation Quiz

September 11th Quiz Stats

 Plays Quiz Updated Jan 11, 2019

Support Sporcle.
Go Orange.
Score 0/18 Timer 04:00
0 Plays Today
Hint Answer % Correct
New York building where Flights #11 and #175 crashedWorld Trade Center
94.3%
Virginia building where Flight #77 crashedPentagon
93%
Founder of the terrorist organization behind the attacksOsama bin Laden
89%
U.S. President at the time of the attacksGeorge W. Bush
86.4%
State in which the Flight #93 crashedPennsylvania
83.8%
Airline of Flight #11 and #77American Airlines
76%
Flight 93's believed intended targetU.S. Capitol Building or White House
73.8%
Airline of Flight #175 and #93United Airlines
69.2%
Terrorist organization behind the attacksAl-Qaeda
62.4%
Hint Answer % Correct
Mayor of New York at the time of the attacksRudolph Giuliani
46.5%
U.S. Secretary of Defense at the time of attacksDonald Rumsfeld
37.7%
Sunni Islamist political group that harbored the terroristsTaliban
29.8%
Believed ringleader of the 19 hijackersMohamed Atta
18%
U.S. Attorney General at the time of attacksJohn Ashcroft
17.9%
'Principal architect' of the 9/11 attacksKhalid Sheikh Mohammed
10.7%
Flight 93 passenger who said 'Let's Roll!'Todd Beamer
8.2%
U.S. Director of Central Intelligence at the time of the attacksGeorge Tenet
6.7%
Chairman of the 9/11 CommissionThomas Kean
2.8%

From the Vault

Cities from Space

by Hejman

We've really been spacing on all these world city names.
Remove Ads.
Support Sporcle.
Get the best of Sporcle when you Go Orange. This ad-free experience offers more features, more stats, and more fun while also helping to support Sporcle. Thank you for becoming a member.

Show Comments

Extras

Top Quizzes Today


Score Distribution

Your Account Isn't Verified!

In order to create a playlist on Sporcle, you need to verify the email address you used during registration. Go to your Sporcle Settings to finish the process.

Report this User

Report this user for behavior that violates our Community Guidelines.

Details: